LEADER 01055cam0-2200349---450- 001 990004073340403321 005 20100727152332.0 035 $a000407334 035 $aFED01000407334 035 $a(Aleph)000407334FED01 035 $a000407334 100 $a19990604d1980----km-y0itay50------ba 101 0 $aita 102 $aIT 105 $ay-------001yy 200 1 $a<>Libro dei vagabondi$elo «Speculum Cerretanorum» di Teseo Pini, «Il vagabondo» di Rafaele Frianoro e altri testi di furfanteria$fa cura di Piero Camporesi 205 $a2. ed. 210 $aTorino$cEinaudi$d1980 215 $aCLXXXII, 426 p.$d18 cm 225 1 $aNuova universale Einaudi$v145 610 0 $aPauperismo$aTesti 610 0 $aVagabondaggio$aTesti 676 $a305.568 676 $a808.83 702 1$aCamporesi,$bPiero$f<1926-2007> 801 0$aIT$bUNINA$gRICA$2UNIMARC 901 $aBK 912 $a990004073340403321 952 $a808.83 CAM 1A$bDip.d.s.1492$fFLFBC 959 $aFLFBC 996 $aLibro dei vagabondi$9142190 997 $aUNINA LEADER 00827nam0-22002771i-450- 001 990001637070403321 005 20050401080440.0 035 $a000163707 035 $aFED01000163707 035 $a(Aleph)000163707FED01 035 $a000163707 100 $a20030910d1916----km-y0itay50------ba 101 0 $aspa 200 1 $aBosquejo de una florula hispalense de micromicetos$fRomualdo Gonzalez Fragoso. 210 $aMadrid$cMuseo Nacional de Ciencias Naturales$d1916 215 $a221 p.$d24 cm 610 0 $aCrittogame 676 $a586 700 1$aGonzález Fragoso,$bRomualdo$0353418 801 0$aIT$bUNINA$gRICA$2UNIMARC 901 $aBK 912 $a990001637070403321 952 $a60 586 B 7$b11347$fFAGBC 959 $aFAGBC 996 $aBosquejo de una florula hispalense de micromicetos$9367562 997 $aUNINA